WAVE TRANSMISSION (Record no. 583738)
[ view plain ]
| 000 -LEADER | |
|---|---|
| fixed length control field | 00321nam a22001337a 4500 |
| 020 ## - INTERNATIONAL STANDARD BOOK NUMBER | |
| International Standard Book Number | 0-7131-3278-7 |
| 082 ## - DEWEY DECIMAL CLASSIFICATION NUMBER | |
| Classification number | 621.38131 CON |
| 100 ## - MAIN ENTRY--PERSONAL NAME | |
| Personal name | CONNOR, F.R |
| 9 (RLIN) | 41478 |
| 245 ## - TITLE STATEMENT | |
| Title | WAVE TRANSMISSION |
| 260 ## - PUBLICATION, DISTRIBUTION, ETC. | |
| Place of publication, distribution, etc. | GREAT BRITAIN |
| Name of publisher, distributor, etc. | EDWARD ARNOLD |
| Date of publication, distribution, etc. | 1972 |
| 300 ## - PHYSICAL DESCRIPTION | |
| Extent | VI,107P |
| 650 ## - SUBJECT ADDED ENTRY--TOPICAL TERM | |
| Topical term or geographic name entry element | WAVE TRANSMISSION |
| 9 (RLIN) | 78624 |
| 942 ## - ADDED ENTRY ELEMENTS (KOHA) | |
| Koha item type | Book |
| Withdrawn status | Lost status | Damaged status | Not for loan | Permanent Location | Current Location | Shelving location | Date acquired | Total Checkouts | Full call number | Barcode | Date last seen | Price effective from | Koha item type |
|---|---|---|---|---|---|---|---|---|---|---|---|---|---|
| College of Electrical & Mechanical Engineering (CEME) | College of Electrical & Mechanical Engineering (CEME) | General Stacks | 06/19/2017 | 621.38131 CON | CEME-8178 | 06/28/2021 | 06/28/2021 | Book |
